000 01551cgm a2200277 4500
001 J2926
008 090401t1995 xxu||||| |||| 00| 0 eng d
035 _a(Sirsi) u51986
041 _aeng
050 _a650.14
100 _aBibby, Howard
245 _aWin that job!
260 _aLondon
_bWin That Job Ltd.
_c1995
300 _a1 video cassette (VHS) (100min.)
350 _a199.5
520 _aReference copy can be viewed by appointment at London Library. Ring or speak to Library Administrator to arrange. No hire charge. The video is divided into three sections, part 1 "Coping with redundancy and putting the CV together", part 2 "How the job market works and successful job hunting" and part 3 s "Winning at interview and securing the best terms". Each section is accompanied by a manual, containing CV layouts, typical interview questions, planning checklists and sample letters. The aim of the course is to describe simple techniques to exploit the unadvertised job market and includes a step by step guide on how to build a hit list of preferred employers, identify and develop contracts and set up special approaches. The course also gives detailed advice on CV writing and interview techniques, reinforcing the need for careful preparation and identification of employer needs.
650 _aEMPLOYMENT
650 _aINTERVIEW TECHNIQUES
650 _aJOB HUNTING
650 _aJOB SEEKING
650 _aVIDEOS
690 _aEDUCATION-CAREERS
710 _aWin That Job ltd.
_92234
942 _n0
948 _c04/03/1997
999 _c85257
_d85257